[Event "DEM U12 2022"]
[Site "Willingen GER"]
[Date "2022.06.07"]
[Round "4"]
[White "Glöckler, Christian"]
[Black "Riechenberg, Sebastian"]
[Result "1-0"]
[Termination "normal"]
[Board "2"]
[WhiteElo "1847"]
[BlackElo "1668"]
[WhiteClock "00:29:43"]
[BlackClock "00:39:55"]
[PlyCount "82"]
[WhiteFideId "34608966"]
[BlackFideId "34605231"]
[EventCountry "GER"]
[EventRounds "9"]
[EventType "swiss"]
[EventDate "2022.06.04"]

1. e4 {[%clk 01:30:58]} e5 {[%clk 01:30:58]} {[%emt 00:00:03]} 2. Nf3 {[%clk
01:31:23]} {[%emt 00:00:06]} Nc6 {[%emt 00:00:05]} 3. Bb5 {[%clk 01:31:48]}
{[%emt 00:00:04]} a6 {[%clk 01:31:50]} {[%emt 00:00:03]} 4. Ba4 {[%clk
01:32:13]} {[%emt 00:00:05]} Nf6 {[%clk 01:32:15]} {[%emt 00:00:05]} 5. O-O
{[%clk 01:32:36]} {[%emt 00:00:07]} Be7 {[%clk 01:32:41]} {[%emt 00:00:04]} 6.
Re1 {[%clk 01:32:58]} {[%emt 00:00:09]} b5 {[%clk 01:33:08]} {[%emt 00:00:03]}
7. Bb3 {[%clk 01:33:19]} {[%emt 00:00:08]} O-O {[%clk 01:33:33]} {[%emt
00:00:05]} 8. h3 {[%clk 01:33:46]} {[%emt 00:00:03]} d6 {[%clk 01:33:39]}
{[%emt 00:00:24]} 9. c3 {[%clk 01:34:05]} {[%emt 00:00:11]} Na5 {[%clk
01:34:04]} {[%emt 00:00:05]} 10. Bc2 {[%clk 01:34:14]} {[%emt 00:00:21]} c5
{[%clk 01:34:30]} {[%emt 00:00:04]} 11. d4 {[%clk 01:33:21]} {[%emt 00:01:23]}
cxd4 {[%clk 01:32:56]} {[%emt 00:02:05]} 12. cxd4 {[%clk 01:33:41]} {[%emt
00:00:10]} exd4 {[%clk 01:32:47]} {[%emt 00:00:38]} 13. Nxd4 {[%clk 01:33:53]}
{[%emt 00:00:18]} Qc7 {[%clk 01:31:54]} {[%emt 00:01:24]} 14. Nc3 {[%clk
01:27:51]} {[%emt 00:06:31]} Re8 {[%clk 01:23:37]} {[%emt 00:08:47]} 15. a3
{[%clk 01:22:06]} {[%emt 00:06:15]} Nc6 {[%clk 01:23:21]} {[%emt 00:00:45]} 16.
Nxc6 {[%clk 01:20:35]} {[%emt 00:01:59]} Qxc6 {[%clk 01:21:12]} {[%emt
00:02:41]} 17. Bb3 {[%clk 01:20:39]} {[%emt 00:00:26]} Bf8 {[%clk 01:09:55]}
{[%emt 00:11:47]} 18. Re3 {[%clk 01:15:54]} {[%emt 00:05:16]} Be6 {[%clk
01:02:46]} {[%emt 00:07:39]} 19. Nd5 {[%clk 01:12:21]} {[%emt 00:04:02]} Bxd5
{[%clk 00:59:50]} {[%emt 00:03:27]} 20. exd5 {[%clk 01:12:02]} {[%emt
00:00:49]} Qb7 {[%clk 00:58:33]} {[%emt 00:01:48]} 21. Qf3 {[%clk 01:10:12]}
{[%emt 00:02:20]} a5 {[%clk 00:57:00]} {[%emt 00:02:04]} 22. Bd2 {[%clk
01:08:49]} {[%emt 00:01:53]} Rxe3 {[%clk 00:51:39]} {[%emt 00:05:51]} 23. Qxe3
{[%clk 01:08:35]} {[%emt 00:00:43]} Re8 {[%clk 00:51:01]} {[%emt 00:01:08]} 24.
Qd3 {[%clk 01:08:23]} {[%emt 00:00:42]} a4 {[%clk 00:49:36]} {[%emt 00:01:55]}
25. Ba2 {[%clk 01:05:13]} {[%emt 00:03:40]} Nd7 {[%clk 00:48:24]} {[%emt
00:01:42]} 26. Bb4 {[%clk 00:59:38]} {[%emt 00:06:05]} Ne5 {[%clk 00:47:54]}
{[%emt 00:01:00]} 27. Qe2 {[%clk 00:54:22]} {[%emt 00:05:41]} Qd7 {[%clk
00:44:05]} {[%emt 00:04:23]} 28. Re1 {[%clk 00:52:34]} {[%emt 00:02:18]} Qf5
{[%clk 00:42:19]} {[%emt 00:02:16]} 29. Qxb5 {[%clk 00:45:12]} {[%emt
00:07:51]} Re7 {[%clk 00:41:30]} {[%emt 00:01:20]} 30. Re3 {[%clk 00:40:00]}
{[%emt 00:05:42]} Rc7 {[%clk 00:40:09]} {[%emt 00:01:52]} 31. Qf1 {[%clk
00:39:00]} {[%emt 00:01:29]} g6 {[%clk 00:39:44]} {[%emt 00:00:54]} 32. Bb1
{[%clk 00:35:18]} {[%emt 00:04:13]} Qh5 {[%clk 00:39:20]} {[%emt 00:00:54]} 33.
Rc3 {[%clk 00:33:59]} {[%emt 00:01:49]} Rd7 {[%clk 00:39:16]} {[%emt 00:00:34]}
34. f4 {[%clk 00:32:25]} {[%emt 00:02:04]} Bh6 {[%clk 00:39:18]} {[%emt
00:00:29]} 35. fxe5 {[%clk 00:32:06]} {[%emt 00:00:48]} Qxe5 {[%clk 00:39:42]}
{[%emt 00:00:06]} 36. Rc8+ {[%clk 00:32:20]} {[%emt 00:00:16]} Bf8 {[%clk
00:40:04]} {[%emt 00:00:08]} 37. Bc3 {[%clk 00:32:06]} {[%emt 00:00:44]} Qe3+
{[%clk 00:40:11]} {[%emt 00:00:23]} 38. Kh2 {[%clk 00:32:09]} {[%emt 00:00:26]}
f5 {[%clk 00:40:09]} {[%emt 00:00:33]} 39. Qf3 {[%clk 00:29:35]} {[%emt
00:03:05]} Qc1 {[%clk 00:39:55]} {[%emt 00:00:43]} 40. Bxf5 {[%clk 00:29:25]}
{[%emt 00:00:39]} Re7 {[%clk 00:39:55]} {[%emt 00:00:31]} 41. Be6+ {[%clk
00:29:43]} {[%emt 00:00:12]} Rxe6 {[%emt 00:01:04]} 1-0

[Event "DEM U12 2022"]
[Site "Willingen GER"]
[Date "2022.06.07"]
[Round "4"]
[White "Malinowsky, Levi"]
[Black "Stichter, Constantin Paul"]
[Result "0-1"]
[Termination "normal"]
[Board "4"]
[WhiteElo "1816"]
[BlackElo "1472"]
[WhiteClock "00:08:59"]
[BlackClock "00:28:30"]
[PlyCount "124"]
[WhiteFideId "16253094"]
[BlackFideId "34603140"]
[EventCountry "GER"]
[EventRounds "9"]
[EventType "swiss"]
[EventDate "2022.06.04"]

1. e4 {[%clk 01:30:57]} {[%emt 00:00:02]} e6 {[%clk 01:30:55]} {[%emt
00:00:06]} 2. d4 {[%clk 01:31:17]} {[%emt 00:00:11]} d5 {[%clk 01:31:24]} 3.
Nc3 {[%clk 01:31:29]} {[%emt 00:00:17]} Nf6 {[%clk 01:31:52]} {[%emt 00:00:02]}
4. e5 {[%clk 01:31:37]} {[%emt 00:00:22]} Nfd7 {[%clk 01:32:16]} {[%emt
00:00:07]} 5. f4 {[%clk 01:31:14]} {[%emt 00:00:53]} c5 {[%clk 01:32:36]}
{[%emt 00:00:09]} 6. Nf3 {[%clk 01:31:02]} {[%emt 00:00:42]} Nc6 {[%clk
01:32:50]} {[%emt 00:00:16]} 7. Be3 {[%clk 01:30:19]} {[%emt 00:01:12]} a6
{[%clk 01:32:58]} {[%emt 00:00:23]} 8. Qd2 {[%clk 01:27:42]} {[%emt 00:03:07]}
b5 {[%clk 01:32:56]} {[%emt 00:00:32]} 9. dxc5 {[%clk 01:27:11]} {[%emt
00:01:02]} Bxc5 {[%clk 01:33:11]} {[%emt 00:00:13]} 10. Nd4 {[%clk 01:24:40]}
{[%emt 00:03:02]} Bb7 {[%clk 01:30:33]} {[%emt 00:03:08]} 11. O-O-O {[%clk
01:14:59]} {[%emt 00:10:11]} Qa5 {[%clk 01:28:27]} {[%emt 00:02:36]} 12. Kb1
{[%clk 01:12:28]} {[%emt 00:03:01]} b4 {[%clk 01:26:48]} {[%emt 00:02:09]} 13.
Nce2 {[%clk 01:11:30]} {[%emt 00:01:26]} Qb6 {[%clk 01:26:19]} {[%emt
00:01:00]} 14. Bf2 {[%clk 01:05:12]} {[%emt 00:06:48]} Na7 {[%clk 01:20:52]}
{[%emt 00:05:58]} 15. Nc1 {[%clk 01:00:51]} {[%emt 00:04:51]} Qc7 {[%clk
01:11:26]} {[%emt 00:09:55]} 16. Nd3 {[%clk 00:59:02]} {[%emt 00:02:19]} a5
{[%clk 01:10:27]} {[%emt 00:01:29]} 17. Nxc5 {[%clk 00:56:34]} {[%emt
00:02:58]} Nxc5 {[%clk 01:10:28]} {[%emt 00:00:29]} 18. Bd3 {[%clk 00:51:48]}
{[%emt 00:05:16]} Rc8 {[%clk 01:05:09]} {[%emt 00:05:49]} 19. g4 {[%clk
00:49:58]} {[%emt 00:02:20]} Ne4 {[%clk 01:04:23]} {[%emt 00:01:16]} 20. Qe2
{[%clk 00:45:19]} {[%emt 00:05:06]} O-O {[%clk 00:56:46]} {[%emt 00:08:10]} 21.
h4 {[%clk 00:43:44]} {[%emt 00:02:04]} a4 {[%clk 00:55:58]} {[%emt 00:01:19]}
22. Rh3 {[%clk 00:37:10]} {[%emt 00:07:04]} Qa5 {[%clk 00:54:13]} {[%emt
00:02:15]} 23. h5 {[%clk 00:35:44]} {[%emt 00:01:57]} b3 {[%clk 00:50:50]}
{[%emt 00:03:53]} 24. Bxe4 {[%clk 00:34:02]} {[%emt 00:02:12]} bxa2+ {[%clk
00:51:05]} {[%emt 00:00:15]} 25. Ka1 {[%clk 00:34:01]} {[%emt 00:00:30]} dxe4
{[%clk 00:51:22]} {[%emt 00:00:12]} 26. g5 {[%clk 00:32:24]} {[%emt 00:02:07]}
Nc6 {[%clk 00:50:53]} {[%emt 00:00:52]} 27. g6 {[%clk 00:31:42]} {[%emt
00:01:19]} h6 {[%clk 00:49:19]} {[%emt 00:02:04]} 28. gxf7+ {[%clk 00:31:22]}
{[%emt 00:00:51]} Rxf7 {[%clk 00:49:47]} {[%emt 00:00:02]} 29. Nxe6 {[%clk
00:27:40]} {[%emt 00:04:12]} Nb4 {[%clk 00:43:39]} {[%emt 00:06:38]} 30. Bc5
{[%clk 00:21:03]} {[%emt 00:07:07]} Nd5 {[%clk 00:43:24]} {[%emt 00:00:42]} 31.
Qc4 {[%clk 00:16:39]} {[%emt 00:04:57]} Nxf4 {[%clk 00:41:50]} {[%emt
00:02:04]} 32. Nxf4 {[%clk 00:13:47]} {[%emt 00:03:22]} Rxc5 {[%clk 00:41:29]}
{[%emt 00:00:51]} 33. Qe6 {[%clk 00:12:57]} {[%emt 00:01:19]} Rxe5 {[%emt
00:04:18]} 34. Rd8+ {[%clk 00:10:04]} Qxd8 {[%clk 00:34:57]} {[%emt 00:06:37]}
35. Qxe5 {[%clk 00:10:23]} {[%emt 00:00:11]} Re7 {[%clk 00:34:14]} {[%emt
00:01:11]} 36. Qc3 {[%clk 00:09:35]} {[%emt 00:01:20]} Qd6 {[%clk 00:29:12]}
{[%emt 00:05:31]} 37. Ng6 {[%clk 00:07:37]} {[%emt 00:02:28]} Rc7 {[%clk
00:27:13]} {[%emt 00:02:29]} 38. Qe1 {[%clk 00:05:48]} {[%emt 00:02:17]} Rxc2
{[%clk 00:27:19]} {[%emt 00:00:27]} 39. Rf3 {[%clk 00:04:37]} {[%emt 00:01:41]}
Rc8 {[%clk 00:25:20]} {[%emt 00:02:28]} 40. Rc3 {[%clk 00:04:15]} {[%emt
00:00:53]} Rxc3 {[%clk 00:22:06]} {[%emt 00:03:44]} 41. Qxc3 {[%clk 00:04:24]}
{[%emt 00:00:20]} Qd1+ {[%clk 00:22:32]} {[%emt 00:00:04]} 42. Kxa2 {[%clk
00:04:46]} {[%emt 00:00:09]} Bd5+ {[%clk 00:22:55]} {[%emt 00:00:07]} 43. Ka3
{[%clk 00:05:10]} {[%emt 00:00:06]} Qb3+ {[%clk 00:22:59]} {[%emt 00:00:26]}
44. Qxb3 {[%clk 00:05:36]} {[%emt 00:00:05]} Bxb3 {[%clk 00:23:22]} {[%emt
00:00:07]} 45. Kb4 {[%clk 00:05:50]} {[%emt 00:00:16]} Kf7 {[%clk 00:23:42]}
{[%emt 00:00:09]} 46. Kc3 {[%clk 00:06:01]} {[%emt 00:00:19]} Kf6 {[%clk
00:24:02]} {[%emt 00:00:11]} 47. Kd4 {[%clk 00:06:25]} {[%emt 00:00:06]} Kg5
{[%clk 00:24:06]} {[%emt 00:00:26]} 48. Ke3 {[%clk 00:05:48]} {[%emt 00:01:07]}
Kxh5 {[%clk 00:24:22]} {[%emt 00:00:14]} 49. Ne5 {[%clk 00:06:08]} {[%emt
00:00:11]} Kg5 {[%clk 00:24:38]} {[%emt 00:00:17]} 50. Kf2 {[%clk 00:05:57]}
{[%emt 00:00:39]} Kf5 {[%clk 00:24:55]} {[%emt 00:00:12]} 51. Nc6 {[%clk
00:06:18]} {[%emt 00:00:10]} Kf4 {[%clk 00:25:16]} {[%emt 00:00:09]} 52. Nd4
{[%clk 00:06:35]} {[%emt 00:00:13]} g5 {[%clk 00:25:37]} {[%emt 00:00:08]} 53.
Ne2+ {[%clk 00:06:59]} {[%emt 00:00:06]} Ke5 {[%clk 00:25:59]} {[%emt
00:00:09]} 54. Ke3 {[%clk 00:07:22]} {[%emt 00:00:07]} h5 {[%clk 00:26:21]}
{[%emt 00:00:08]} 55. Ng3 {[%clk 00:07:47]} {[%emt 00:00:04]} h4 {[%clk
00:26:37]} {[%emt 00:00:14]} 56. Nh1 {[%clk 00:08:00]} {[%emt 00:00:17]} g4
{[%clk 00:27:00]} {[%emt 00:00:07]} 57. Nf2 {[%clk 00:08:25]} {[%emt 00:00:06]}
Be6 {[%clk 00:27:19]} {[%emt 00:00:11]} 58. Nxe4 {[%clk 00:08:47]} {[%emt
00:00:08]} g3 {[%clk 00:27:41]} {[%emt 00:00:08]} 59. Nc5 {[%clk 00:08:15]}
{[%emt 00:01:02]} h3 {[%clk 00:27:27]} {[%emt 00:00:44]} 60. Kf3 {[%clk
00:08:34]} {[%emt 00:00:11]} h2 {[%clk 00:27:48]} {[%emt 00:00:09]} 61. Nd3+
{[%clk 00:08:38]} {[%emt 00:00:27]} Kf5 {[%clk 00:28:07]} {[%emt 00:00:10]} 62.
Kxg3 {[%clk 00:08:59]} {[%emt 00:00:09]} h1=Q {[%clk 00:28:30]} {[%emt
00:00:08]} 0-1

[Event "DEM U12 2022"]
[Site "Willingen GER"]
[Date "2022.06.07"]
[Round "4"]
[White "Kulkovets, Roman"]
[Black "Neuhoff, Laertes"]
[Result "1/2-1/2"]
[Termination "normal"]
[Board "7"]
[WhiteElo "1099"]
[BlackElo "1990"]
[WhiteClock "01:30:40"]
[BlackClock "00:00:39"]
[PlyCount "81"]
[WhiteFideId "34119272"]
[BlackFideId "16279719"]
[EventCountry "GER"]
[EventRounds "9"]
[EventType "swiss"]
[EventDate "2022.06.04"]

1. e4 {[%clk 01:30:56]} {[%emt 00:00:03]} e5 {[%clk 01:30:52]} {[%emt
00:00:08]} 2. Nf3 {[%clk 01:31:22]} {[%emt 00:00:04]} Nc6 {[%clk 01:30:58]}
{[%emt 00:00:24]} 3. Bc4 {[%clk 01:31:45]} {[%emt 00:00:06]} Bc5 {[%clk
01:30:52]} {[%emt 00:00:38]} 4. c3 {[%clk 01:32:08]} {[%emt 00:00:06]} Nf6
{[%clk 01:31:08]} {[%emt 00:00:14]} 5. d4 {[%clk 01:32:32]} {[%emt 00:00:06]}
exd4 {[%clk 01:30:57]} {[%emt 00:00:41]} 6. cxd4 {[%clk 01:32:58]} {[%emt
00:00:04]} Bb4+ {[%clk 01:30:37]} {[%emt 00:00:50]} 7. Bd2 {[%clk 01:33:22]}
{[%emt 00:00:06]} Nxe4 {[%clk 01:26:34]} {[%emt 00:04:33]} 8. Bxb4 {[%clk
01:33:49]} {[%emt 00:00:03]} Nxb4 {[%clk 01:26:35]} {[%emt 00:00:30]} 9. Bxf7+
{[%clk 01:34:16]} {[%emt 00:00:02]} Kxf7 {[%clk 01:26:50]} {[%emt 00:00:15]}
10. Qb3+ {[%clk 01:34:42]} {[%emt 00:00:04]} Kf8 {[%clk 01:27:03]} {[%emt
00:00:17]} 11. Qxb4+ {[%clk 01:35:05]} {[%emt 00:00:07]} Qe7 {[%clk 01:26:34]}
{[%emt 00:00:59]} 12. Qxe7+ {[%clk 01:35:21]} {[%emt 00:00:14]} Kxe7 {[%clk
01:27:03]} {[%emt 00:00:01]} 13. O-O {[%clk 01:35:41]} {[%emt 00:00:10]} Kd8
{[%clk 01:24:09]} {[%emt 00:03:25]} 14. Re1 {[%clk 01:36:05]} {[%emt 00:00:05]}
Nf6 {[%clk 01:23:00]} {[%emt 00:01:39]} 15. Nc3 {[%emt 00:24:07]} h6 {[%clk
00:47:59]} {[%emt 00:12:57]} 16. Ne5 {[%clk 01:33:59]} {[%emt 00:01:34]} Rf8
{[%clk 00:47:52]} {[%emt 00:00:36]} 17. Ng6 {[%clk 01:34:21]} {[%emt 00:00:08]}
Re8 {[%clk 00:43:57]} {[%emt 00:04:25]} 18. Rxe8+ {[%clk 01:32:54]} {[%emt
00:01:57]} Nxe8 {[%clk 00:41:36]} {[%emt 00:02:50]} 19. Re1 {[%clk 01:33:07]}
{[%emt 00:00:18]} d6 {[%clk 00:41:14]} {[%emt 00:00:53]} 20. Nd5 {[%clk
01:33:31]} {[%emt 00:00:07]} c6 {[%clk 00:25:06]} {[%emt 00:16:37]} 21. Rxe8+
{[%clk 01:28:58]} {[%emt 00:05:03]} Kxe8 {[%clk 00:24:48]} {[%emt 00:00:48]}
22. Nc7+ {[%clk 01:29:26]} {[%emt 00:00:01]} Kf7 {[%clk 00:24:19]} {[%emt
00:00:58]} 23. Nh8+ {[%clk 01:29:53]} {[%emt 00:00:04]} Kg8 {[%clk 00:23:03]}
{[%emt 00:01:46]} 24. Nxa8 {[%clk 01:29:59]} {[%emt 00:00:25]} Kxh8 {[%clk
00:23:08]} {[%emt 00:00:24]} 25. Nc7 {[%clk 01:30:21]} {[%emt 00:00:08]} Bd7
{[%clk 00:20:52]} {[%emt 00:02:46]} 26. d5 {[%clk 01:30:50]} {[%emt 00:00:01]}
g5 {[%clk 00:08:45]} {[%emt 00:12:37]} 27. dxc6 {[%clk 01:31:05]} {[%emt
00:00:16]} bxc6 {[%clk 00:08:53]} {[%emt 00:00:22]} 28. Na6 {[%clk 01:31:30]}
{[%emt 00:00:05]} c5 {[%clk 00:08:08]} {[%emt 00:01:14]} 29. Nc7 {[%clk
01:31:54]} {[%emt 00:00:06]} Bc6 {[%clk 00:06:29]} {[%emt 00:02:10]} 30. g3
{[%clk 01:31:19]} {[%emt 00:01:05]} Kg7 {[%clk 00:05:45]} {[%emt 00:01:13]} 31.
b4 {[%clk 01:30:39]} {[%emt 00:01:10]} c4 {[%clk 00:03:55]} {[%emt 00:02:21]}
32. Ne6+ {[%clk 01:30:51]} {[%emt 00:00:17]} Kf6 {[%clk 00:04:14]} {[%emt
00:00:11]} 33. Nd4 {[%clk 01:31:17]} {[%emt 00:00:05]} Ba4 {[%clk 00:02:27]}
{[%emt 00:02:17]} 34. Ne2 {[%clk 01:30:03]} {[%emt 00:01:43]} d5 {[%clk
00:02:15]} {[%emt 00:00:43]} 35. Kf1 {[%clk 01:29:55]} {[%emt 00:00:37]} Ke5
{[%clk 00:02:05]} {[%emt 00:00:40]} 36. f4+ {[%clk 01:30:21]} {[%emt 00:00:05]}
gxf4 {[%clk 00:02:20]} {[%emt 00:00:15]} 37. gxf4+ {[%clk 01:30:48]} {[%emt
00:00:03]} Kf5 {[%clk 00:02:27]} {[%emt 00:00:24]} 38. Ke1 {[%clk 01:30:49]}
{[%emt 00:00:29]} Be8 {[%clk 00:02:16]} {[%emt 00:00:40]} 39. Kd2 {[%clk
01:31:04]} {[%emt 00:00:15]} Ke4 {[%clk 00:01:01]} {[%emt 00:01:45]} 40. Nc3+
{[%clk 01:30:14]} {[%emt 00:01:20]} Kxf4 {[%clk 00:00:39]} {[%emt 00:00:52]}
41. Nxd5+ {[%clk 01:30:40]} {[%emt 00:00:04]} 1/2-1/2

[Event "DEM U12 2022"]
[Site "Willingen GER"]
[Date "2022.06.07"]
[Round "4"]
[White "Schuricht, Emil Frederick"]
[Black "Mündörfer, Sebastian"]
[Result "1-0"]
[Termination "normal"]
[Board "18"]
[WhiteElo "1641"]
[BlackElo "1254"]
[WhiteClock "00:10:23"]
[BlackClock "00:16:08"]
[PlyCount "83"]
[WhiteFideId "16270185"]
[BlackFideId "34604367"]
[EventCountry "GER"]
[EventRounds "9"]
[EventType "swiss"]
[EventDate "2022.06.04"]

1. d4 {[%clk 01:30:57]} {[%emt 00:00:03]} Nf6 {[%clk 01:30:55]} {[%emt
00:00:06]} 2. Bg5 {[%clk 01:31:23]} {[%emt 00:00:03]} e6 {[%clk 01:31:19]}
{[%emt 00:00:06]} 3. e4 {[%clk 01:31:48]} {[%emt 00:00:06]} Be7 {[%clk
01:31:22]} {[%emt 00:00:27]} 4. e5 {[%clk 01:32:07]} {[%emt 00:00:11]} Ne4
{[%clk 01:27:09]} {[%emt 00:04:43]} 5. Bxe7 {[%clk 01:23:33]} {[%emt 00:09:04]}
Qxe7 {[%clk 01:27:28]} {[%emt 00:00:11]} 6. Bd3 {[%clk 01:04:32]} {[%emt
00:19:31]} d5 {[%clk 01:12:14]} {[%emt 00:15:45]} 7. c3 {[%clk 00:53:58]}
{[%emt 00:11:03]} O-O {[%clk 01:02:48]} {[%emt 00:09:56]} 8. Ne2 {[%clk
00:51:59]} {[%emt 00:02:28]} c5 {[%clk 01:00:50]} {[%emt 00:02:29]} 9. f3
{[%clk 00:50:24]} {[%emt 00:02:05]} f5 {[%clk 00:58:13]} {[%emt 00:03:08]} 10.
fxe4 {[%clk 00:49:20]} {[%emt 00:01:33]} fxe4 {[%clk 00:58:34]} {[%emt
00:00:09]} 11. Bc2 {[%clk 00:48:52]} {[%emt 00:00:58]} Qf7 {[%clk 00:58:32]}
{[%emt 00:00:32]} 12. Kd2 {[%clk 00:46:55]} {[%emt 00:02:27]} Nc6 {[%emt
00:01:32]} 13. Na3 {[%clk 00:40:17]} {[%emt 00:07:06]} cxd4 {[%clk 00:56:18]}
{[%emt 00:01:45]} 14. cxd4 {[%clk 00:40:27]} {[%emt 00:00:20]} Nxd4 {[%clk
00:54:45]} {[%emt 00:02:03]} 15. Nxd4 {[%clk 00:39:19]} {[%emt 00:01:38]} Qf4+
{[%clk 00:54:52]} {[%emt 00:00:24]} 16. Kc3 {[%clk 00:37:11]} {[%emt 00:02:38]}
Qe3+ {[%clk 00:55:05]} {[%emt 00:00:19]} 17. Kb4 {[%clk 00:34:23]} {[%emt
00:03:17]} Bd7 {[%clk 00:50:09]} {[%emt 00:05:26]} 18. Nab5 {[%clk 00:27:59]}
{[%emt 00:06:53]} Rfc8 {[%clk 00:49:39]} {[%emt 00:01:00]} 19. b3 {[%clk
00:25:09]} {[%emt 00:03:21]} a5+ {[%clk 00:47:45]} {[%emt 00:02:24]} 20. Ka4
{[%clk 00:19:51]} {[%emt 00:05:47]} Qc3 {[%clk 00:46:05]} {[%emt 00:02:11]} 21.
Ka3 {[%clk 00:20:06]} {[%emt 00:00:15]} Bxb5 {[%clk 00:44:06]} {[%emt
00:02:29]} 22. Nxb5 {[%clk 00:20:23]} {[%emt 00:00:13]} Qb4+ {[%clk 00:44:16]}
{[%emt 00:00:20]} 23. Kb2 {[%clk 00:20:48]} {[%emt 00:00:06]} Qxb5 {[%clk
00:44:35]} {[%emt 00:00:11]} 24. Rc1 {[%clk 00:19:11]} {[%emt 00:02:06]} a4
{[%clk 00:43:40]} {[%emt 00:01:25]} 25. Qd2 {[%clk 00:15:06]} {[%emt 00:04:35]}
Qb6 {[%clk 00:38:37]} {[%emt 00:05:33]} 26. Rhe1 {[%clk 00:14:24]} {[%emt
00:01:12]} Rc7 {[%clk 00:30:22]} {[%emt 00:08:45]} 27. Bd1 {[%clk 00:11:38]}
{[%emt 00:03:15]} a3+ {[%clk 00:29:08]} {[%emt 00:01:45]} 28. Kb1 {[%clk
00:11:57]} {[%emt 00:00:10]} Rac8 {[%clk 00:28:59]} {[%emt 00:00:39]} 29. Bg4
{[%clk 00:11:58]} {[%emt 00:00:28]} e3 {[%clk 00:26:29]} {[%emt 00:03:01]} 30.
Rxc7 {[%clk 00:11:14]} {[%emt 00:01:14]} exd2 {[%clk 00:26:08]} {[%emt
00:00:51]} 31. Rxc8+ {[%clk 00:11:39]} {[%emt 00:00:05]} Kf7 {[%clk 00:26:32]}
{[%emt 00:00:07]} 32. Rf1+ {[%clk 00:11:30]} {[%emt 00:00:40]} Kg6 {[%clk
00:26:40]} {[%emt 00:00:22]} 33. Rc2 {[%clk 00:11:40]} {[%emt 00:00:20]} Qd4
{[%clk 00:26:28]} {[%emt 00:00:42]} 34. Bf3 {[%clk 00:11:48]} {[%emt 00:00:20]}
Qxe5 {[%clk 00:25:40]} {[%emt 00:01:19]} 35. Rxd2 {[%clk 00:12:07]} {[%emt
00:00:12]} b5 {[%clk 00:21:38]} {[%emt 00:04:32]} 36. Re2 {[%clk 00:12:11]}
{[%emt 00:00:25]} Qd6 {[%clk 00:18:34]} {[%emt 00:03:35]} 37. Rfe1 {[%clk
00:12:08]} {[%emt 00:00:32]} Kf6 {[%clk 00:18:38]} {[%emt 00:00:27]} 38. Rxe6+
{[%clk 00:11:13]} {[%emt 00:01:24]} Qxe6 {[%clk 00:18:58]} {[%emt 00:00:10]}
39. Rxe6+ {[%clk 00:11:40]} {[%emt 00:00:04]} Kxe6 {[%clk 00:19:17]} {[%emt
00:00:12]} 40. b4 {[%clk 00:10:32]} {[%emt 00:01:36]} Ke5 {[%clk 00:19:21]}
{[%emt 00:00:26]} 41. Kc2 {[%clk 00:10:05]} {[%emt 00:00:57]} Kd4 {[%clk
00:16:08]} {[%emt 00:03:44]} 42. Be2 {[%clk 00:10:23]} {[%emt 00:00:11]} 1-0

[Event "DEM U12 2022"]
[Site "Willingen GER"]
[Date "2022.06.07"]
[Round "4"]
[White "Gulamzada, Elmir"]
[Black "Fettig, Michel"]
[Result "1-0"]
[Termination "normal"]
[Board "21"]
[WhiteElo "1539"]
[BlackElo "1407"]
[WhiteClock "00:24:34"]
[BlackClock "00:19:25"]
[PlyCount "47"]
[WhiteFideId "34604332"]
[BlackFideId "34608982"]
[EventCountry "GER"]
[EventRounds "9"]
[EventType "swiss"]
[EventDate "2022.06.04"]

1. e4 {[%clk 01:30:59]} e6 {[%clk 01:30:58]} {[%emt 00:00:02]} 2. d4 {[%clk
01:31:08]} {[%emt 00:00:21]} d5 {[%clk 01:31:21]} {[%emt 00:00:07]} 3. exd5
{[%clk 01:31:23]} {[%emt 00:00:14]} exd5 {[%clk 01:31:36]} {[%emt 00:00:14]} 4.
Bd3 {[%clk 01:31:11]} {[%emt 00:00:43]} Nc6 {[%clk 01:31:35]} {[%emt 00:00:31]}
5. c3 {[%clk 01:30:06]} {[%emt 00:01:36]} Bd6 {[%clk 01:30:20]} {[%emt
00:01:45]} 6. Nf3 {[%clk 01:25:10]} {[%emt 00:05:26]} Nge7 {[%clk 01:27:41]}
{[%emt 00:03:09]} 7. Be3 {[%clk 01:20:59]} {[%emt 00:04:40]} Bf5 {[%clk
01:22:37]} {[%emt 00:05:33]} 8. h3 {[%clk 01:17:29]} {[%emt 00:04:00]} Qd7
{[%clk 01:18:03]} {[%emt 00:05:03]} 9. g4 {[%clk 01:06:33]} {[%emt 00:11:27]}
Bxd3 {[%clk 01:10:43]} {[%emt 00:07:50]} 10. Qxd3 {[%clk 01:06:56]} {[%emt
00:00:07]} h5 {[%clk 01:08:47]} {[%emt 00:02:25]} 11. g5 {[%clk 01:02:45]}
{[%emt 00:04:42]} g6 {[%clk 01:06:20]} {[%emt 00:02:57]} 12. Nbd2 {[%clk
00:54:07]} {[%emt 00:09:08]} O-O-O {[%clk 01:01:35]} {[%emt 00:05:15]} 13.
O-O-O {[%clk 00:50:44]} {[%emt 00:03:54]} Nf5 {[%clk 00:58:55]} {[%emt
00:03:09]} 14. Qb5 {[%clk 00:45:47]} {[%emt 00:05:27]} Qe6 {[%clk 00:52:40]}
{[%emt 00:04:31]} 15. Rhe1 {[%clk 00:43:23]} {[%emt 00:05:08]} a6 {[%clk
00:45:41]} {[%emt 00:07:30]} 16. Qb3 {[%clk 00:42:30]} {[%emt 00:01:23]} Nce7
{[%clk 00:41:42]} {[%emt 00:04:28]} 17. Bf4 {[%clk 00:39:58]} {[%emt 00:02:58]}
Qd7 {[%clk 00:41:21]} {[%emt 00:00:56]} 18. Be5 {[%clk 00:38:54]} {[%emt
00:01:35]} Rh7 {[%clk 00:37:42]} {[%emt 00:04:08]} 19. Bf6 {[%clk 00:37:31]}
{[%emt 00:01:52]} Bf4 {[%clk 00:32:36]} {[%emt 00:05:35]} 20. Ne5 {[%clk
00:33:00]} {[%emt 00:05:03]} Qd6 {[%clk 00:26:22]} {[%emt 00:06:44]} 21. Re2
{[%clk 00:27:29]} {[%emt 00:06:01]} Re8 {[%clk 00:23:45]} {[%emt 00:03:05]} 22.
Rde1 {[%clk 00:24:43]} {[%emt 00:03:17]} Ng8 {[%clk 00:22:19]} {[%emt
00:01:57]} 23. Nec4 {[%clk 00:24:34]} {[%emt 00:00:40]} Bxd2+ {[%clk 00:19:25]}
{[%emt 00:03:23]} 24. Kc2 {[%emt 00:04:48]} 1-0